This is 'ICK'y Quiz Stats

 Plays Quiz Updated Oct 22, 2013

Support Sporcle.
Go Orange.
Score 0/24 Timer 05:00
0 Plays Today
Hint Words % Correct
Utensils traditionally used for eating Chinese and Japanese cuisinechopsticks
97.6%
Suffering from nausea caused by the motion of a shipseasick
95.3%
Robin to Batman; Woodstock to Snoopy; or Tinkerbell to Peter Pansidekick
95.2%
A bat-and-ball game popular in the U.K; or an insectcricket
91.2%
A skillful act or scheme intended to deceive or outwit someone; a magician's illusiontrick
89.7%
A small cucumber (or other food) preserved in vinegar, brine, or a similar solutionpickle
87.2%
Rooney, Mantle, Rourke, or MouseMickey
86.7%
A slang name for a movie; or to use the fingers quickly to propel something, as an insectflick
86.4%
Colorful cosmetic contained in a tube-shaped holder (don't put it on a pig!)lipstick
84.4%
The Firebolt and Nimbus 2000 are two examples of this object used for flight at Hogwartsbroomstick
80.3%
New York basketball teamKnicks
79.7%
A thief who steals quietly and secretly from a person they are near; the Artful Dodger in 'Oliver!' was onepickpocket
79.4%
Hint Words % Correct
Comedy based on deliberately clumsy actions, collisions, absurd situations and broad humorslapstick
78.9%
Peanut and caramel candy bar made by MarsSnickers
73.9%
A lock of hair that grows in a different direction from the rest and that resists being combed flatcowlick
72.8%
Poem in which lines 1, 2, and 5 rhyme, as well as lines 3 and 4limerick
70.8%
An unorthodox or independent-minded person; also, Tom Cruise's character's nickname in Top GunMaverick
61.2%
A two-wheeled passenger cart pulled by a human runnerrickshaw
60.9%
A North American hardwood tree that has edible nuts whose wood is often used for smoked bacon or hamhickory
57%
A raincoat made of shiny or glossy waterproof materialslicker
55%
Disease caused by Vitamin D deficiency characterized by defective bone growthrickets
53.6%
A dark brown coarse bread made of unbolted rye flourpumpernickel
49.4%
The Pickwick Papers author (last name)Dickens
43%
Likely to change one's affections or interests frequently, especially on a whim or erraticallyfickle
41.3%

You're not logged in!

Compare scores with friends on all Sporcle quizzes.
OR
Log In
Forgot?

From the Vault

The Bad News Bears or The Sandlot?

by caramba

This game's killing me, Smalls!
Remove Ads.
Support Sporcle.
Get the best of Sporcle when you Go Orange. This ad-free experience offers more features, more stats, and more fun while also helping to support Sporcle. Thank you for becoming a member.

Show Comments

Extras

Top Quizzes Today


Score Distribution

Your Account Isn't Verified!

In order to create a playlist on Sporcle, you need to verify the email address you used during registration. Go to your Sporcle Settings to finish the process.

Report this User

Report this user for behavior that violates our Community Guidelines.

Details: